00890nam a2200241 a 450000100100000000500170001000800410002702000150006804000250008308200200010810000250012824500630015326000830021630000280029949000370032765000290036465000380039370000280043183000450045904900090050495201180051399900170063100002586620250422110454.0110217s1993 mx a r 000 | spa d a9686849017 aDO-SdBNPbspacBNPHU a616.9792bR541q1 aRico, Blanca,95270810a¿Qué onda con el sida? /cBlanca Rico y Patricia Uribe. aMéxico, D. F. :bADN :bConsejo Nacional para la Cultura y las Artes,c1993. a127 p. :bil. ;c21 cm.1 aViaje al Centro de la Cienciav1 0aSIDA (Enfermedad)952709 4aEnfermedades transmisibles9527101 aUribe, Patricia,952711 0aViaje al Centro de la Ciencia,v1948026 aBNGR 001050718MOaGRbGRcCTd2011-02-23iLF1l0o616.9792 R541qp25866-10r2020-06-25w2020-06-25y1ZNo se presta c25358d25358